000 00348nam a2200121Ia 4500
008 220615s9999||||xx |||||||||||||| ||und||
245 0 _aLearning Disabilities
546 _aEnglish[eng]
650 _aLearning
700 _aSittiprapaporn, Wichian
856 _uhttps://mts.intechopen.com/storage/books/715/authors_book/authors_book.pdf
942 _cEB
999 _c8576
_d8576